[Event "Women's Grand Swiss"]
[Site "?"]
[Date "2025.09.15"]
[Round "11"]
[White "Ouellet, Maili-Jade"]
[Black "Salimova, Nurgyul"]
[Result "1/2-1/2"]
[Annotator "Maili-Jade Ouellet"]
[WhiteElo "2348"]
[BlackElo "2386"]
[WhiteFideId "-1"]
[BlackFideId "-1"]
[PlyCount "193"]
[GameId "2281270692013355"]
[EventDate "2025.??.??"]
[SourceTitle "Chess Canada 25"]
[Source "JohnUpper?CFC"]
[SourceDate "2025.06.29"]
[SourceVersion "1"]
[SourceVersionDate "2026.07.01"]
[SourceQuality "1"]

{This is the last round of the prestigeous Women's Grand Swiss held in Samarkand.} 1. d4 d5 2. c4 c6 3. Nf3 Nf6 4. Nc3 dxc4 5. a4 Bf5 6. Ne5 Nbd7 7. Nxc4 Nb6 8. Ne5 a5 {[#]} 9. g3 ({Here, the most popular move is} 9. f3 {which I had played recently. I opted against it because my opponent surprised me by playing the Slav, and I had not prepared for it. In addition, the position can get quite complicated, and entering this without proper understanding or being able to recall the theory is quite dangerous. For example, the game could have continued like this} Nfd7 10. Nxd7 Nxd7 11. e4 Bg6 12. Be2 Qb6 13. f4 e5 {White is slightly better, but needs to know a lot more, as it is a very double-edged position, while White's king is very vulnerable in the center.}) 9... e6 10. Bg2 Bb4 11. O-O O-O 12. e3 h6 13. Qe2 Bh7 14. Rd1 {[#] Up to this point, the position had already been played a few hundred times. I have control of the center and am about to finish my development. On the other hand, Black's pieces are relatively well placed, and there are no weaknesses worth mentioning in terms of the structure.} Qe7 (14... Nbd7 {or ...fd7 was more accurate.}) 15. e4 Rfd8 16. Bf4 Rac8 17. h4 {Taking space on the kingside and discouraging any potential g5 ideas.} Nfd7 18. Nd3 {I have more space, and generally, I would like to avoid trading pieces.} Bd6 {[#]} 19. Be3 {I saw Black's follow-up; however, I completely misevaluated the position.} (19. e5 {taking space in the center was the best approach. I did not feel confident pushing my e-pawn because I was afraid of activating Black's light-squared bishop.} Bc7 (19... Bb4 20. Nxb4 Qxb4 21. Bd2 Qxb2 $13 {is critical - editor.}) 20. Ne4 $14) 19... Nc4 20. Bc1 e5 21. d5 Ncb6 22. dxc6 bxc6 23. b3 Nf8 24. Be3 Nbd7 {[#] According to the engine, the position is very balanced. However, practically speaking, it is much easier to play for Black, as White's weaknesses are very easy to attack.} 25. Qc2 (25. Nb1 {followed by d2 was the simplest and most solid continuation. Unfortunately, I did not think of it.}) 25... Ne6 26. Nb2 Bc5 27. Nc4 Nd4 28. Qa2 (28. Qb2 $15) 28... Nf6 29. f3 {[#]} Nh5 (29... Nd5 $1 30. exd5 cxd5 {if I move my knight from c4, Black has many tactical wins that involve moving the knight away from d4.} 31. Nxd5 (31. Nxa5 Nxf3+ $19) 31... Rxd5 $19) 30. Kh2 Kh8 (30... f5 $1 {easy to say, but Black should not be afraid of discovered checks.} 31. b4 axb4 32. Nd6+ b3 33. Nxc8 Rxc8 34. Qf2 f4 $19 {Black is completely dominating.}) 31. Qf2 Bb4 32. Na2 {[#]} Nxb3 (32... Bd6 {kept Black's edge.} 33. Nxd6 Qxd6 34. Bh3 Rb8 $15) 33. Rab1 {and I am back in the game.} Rxd1 34. Rxd1 Nf6 $2 {[#] Wrong direction. Either ...c5 to solidify the queenside or ...f5 to attack my king would maintain a balanced position.} 35. Nxb4 axb4 36. Qb2 Nd4 37. Nxe5 (37. Bxd4 exd4 38. Qxd4 $16) 37... Ne6 $2 (37... c5 38. Bxd4 (38. Nc4 $14) 38... cxd4 39. Rxd4 Bxe4 $1 $11) 38. Bxh6 $6 {[#] Tempting, but inaccurate. Pushing the a-pawn or reactivating my light-squared bishop via h3 would have been more useful.} c5 (38... gxh6 $4 39. Rd7 $8 $18 {was the point.} Nxd7 (39... Qe8 40. Rxf7 $18) 40. Ng6+ Kg8 41. Qh8#) 39. Bg5 $2 (39. Be3 c4 40. Bh3 c3 41. Qa2 c2 42. Rc1 Rc3 43. Bxe6 b3 44. Qb2 Rxe3 45. Nxf7+ Kg8 46. Bxb3 $18 {Although it seems quite dangerous, allowing Black to push her pawns was best.}) 39... Nd4 (39... c4 $5 40. Rd7 $1 c3 41. Qa2 Qxd7 $1 42. Nxd7 Nxg5 43. Ne5 $8 (43. hxg5 $2 Nxd7 $19) 43... c2 44. hxg5 {heading to d3} c1=Q $8 $11 45. Nxf7+ Kg8 46. Nh6+ Kh8 47. Nf7+ $11) 40. Nd3 {[#]} Qe6 41. Nxc5 Nxf3+ 42. Bxf3 Rxc5 43. Rd8+ Ng8 44. Be3 (44. Qxb4 Rc4 45. Qb5 $14) 44... Rc4 45. Bd4 {[#]} Bxe4 $8 {Capturing a pawn and taking care of mating threats. Under time pressure, I missed this resource. Had I seen it earlier, I probably would have opted for 44. xb4.} 46. Bxe4 Qxe4 47. Bxg7+ $8 Kh7 48. Rd2 $8 Qg6 49. Qb3 Re4 50. Bd4 Nh6 51. Qd5 Ng4+ 52. Kh3 Ne3 53. Bxe3 Rxe3 54. Rg2 b3 55. Qb7 Qe6+ 56. Kh2 Re2 {[#]} 57. Qb5 $4 (57. a5 $11) 57... Rxg2+ 58. Kxg2 Qe4+ $8 59. Kh3 Qc2 $2 (59... Qh1+ $142 $8 {luring the king to g4, making it more vulnerable to checks.} 60. Kg4 Qb1 61. Qb7 Kg7 {Black's king is safe from perpetual checks, enabling Black to promote the b-pawn quickly.}) 60. Qh5+ Kg8 {[#]Critical Position} 61. Qg4+ $2 {This loses because now the Black king can escape to f8 without fearing any perpetual checks.} (61. Qg5+ $8 Qg6 (61... Kf8 62. Qd8+ $11) 62. Qb5 (62. Qd8+ $4 Kh7 $19) 62... Qc2 63. Qg5+ $11) 61... Kf8 {Although I am completely lost, I learned from a coach that, generally, diagonal checks are superior in queen endgames, as they are harder to block, which is the rule I mostly applied for the rest of the game.} 62. Qb4+ Ke8 63. Qb5+ Ke7 64. Qb7+ Ke6 65. Qb6+ Ke5 66. Qb5+ Kd4 67. Qb6+ Kd3 68. Qb5+ Qc4 69. Qf5+ Kd2 70. Qf2+ Kc1 71. Qe1+ Kc2 72. Qf2+ Kb1 73. a5 {[#]} b2 74. a6 Qe6+ 75. Kh2 Qxa6 76. Qxf7 Qe2+ 77. Kh3 Kc1 78. Qf4+ Kc2 79. Qa4+ Kc1 80. Qf4+ Qd2 81. Qf1+ Kc2 82. Qc4+ Qc3 83. Qe2+ Kb3 84. Qd1+ Ka3 85. h5 Qc8+ 86. Kh4 Qf5 87. Qd6+ Kb3 88. Qd1+ {[#]Critical Position ...c3 or ...c2?} Kc3 $4 (88... Qc2 $1 $19 {eventually, the king can hide from all checks (otherwise, Black can trade queens).} 89. Qf3+ Kc4 90. Qf7+ Kd4 91. Qd7+ Ke3 92. Qa7+ Ke2 93. Qa6+ Kf2 94. Qa7+ Kg2 95. Qb7+ Kh2 {safe at last!}) ({editor -} 88... Ka3 89. Qd6+ Kb3 90. Qd1+ {repeats}) 89. Qe1+ $8 {Black cannot escape the checks.} Kc4 90. Qe2+ $8 Kc3 91. Qe1+ $8 Kc2 92. Qe2+ Kb3 93. Qe3+ $8 Ka2 94. Qa7+ $8 Kb3 95. Qe3+ Kb4 96. Qd2+ Kb3 97. Qe3+ {I claimed a threefold repetition.} 1/2-1/2

[Event "Canadian Zonal (w)"]
[Site "Montreal"]
[Date "2026.04.06"]
[Round "7"]
[White "Demchenko, Svitlana"]
[Black "Ouellet, Maili-Jade"]
[Result "0-1"]
[Annotator "Maili-Jade Ouellet"]
[WhiteElo "2156"]
[BlackElo "2291"]
[WhiteFideId "-1"]
[BlackFideId "-1"]
[PlyCount "130"]
[GameId "2298904140454617"]
[EventDate "2026.??.??"]
[EventType "swiss"]
[EventCountry "CAN"]
[SourceTitle "Chess Canada 25"]
[Source "JohnUpper?CFC"]
[SourceDate "2025.06.29"]
[SourceVersion "1"]
[SourceVersionDate "2026.07.01"]
[SourceQuality "1"]

{This was round 7 of the 2026 Canadian Women's Zonal. Yunshan Li and I are leading the tournament with 6.5/7. We drew each other in round 5. Meanwhile, Svitlana suffered an early loss to a weaker player and is trailing us by half a point. As a result, I had a feeling she would play e4 to push for a win. I, on the other hand, was hoping to win, but did not want to take too many risks as a loss would hurt my chances of winning the tournament greatly.} 1. e4 e5 2. Bc4 {As far as I know, she has never played this, although she does have a tendency to play the Italian, which is similar.} Nf6 3. d3 Bc5 4. Nc3 Nc6 5. f4 {[#]  The Vienna!? Here, I realized I had already forgotten -- or messed up -- my preparation; so I started thinking about which plan was best. I never had such a position and so I considered my options carefully. There are a lot of possibilities:} d6 {The most stable and rational option in my opinion.} (5... Bxg1 6. Rxg1 d6 7. f5 $14 {felt very dangerous for me while she would have relatively easy moves.}) (5... exf4 6. Bxf4 O-O 7. Nf3 d6 8. d4 $11 {is a line I dismissed quickly as it looks very pleasant for White. I thought I would suffer and perhaps lose eventually, even if the evaluation is balanced.}) (5... h5 $5 {is not something I considered seriously as it does not help me develop. However, it is very interesting and I would definitely play it had I known it was possible.} 6. h3 (6. Nf3 Ng4 7. Rf1 Nxh2 8. Rh1 Nxf3+ 9. Qxf3 d5 10. Nxd5 Nd4 11. Qg3 Bg4 $11) 6... d5 7. exd5 Nxd5 8. Nxd5 Be6 9. Qf3 Nd4 10. Qe4 Nxc2+ 11. Kd2 Nxa1 12. Nf3 $13) 6. Nf3 Na5 {White has options, but Black is fine.} 7. Bb3 (7. Bd5 c6) (7. Na4 Nxc4 8. Nxc5 dxc5 9. fxe5 (9. dxc4 $2 Qxd1+ 10. Kxd1 Be6 $1 $19) 9... Ng4 10. Bg5 f6 11. exf6 gxf6 12. Bh4 Nb6 $15) (7. fxe5 dxe5 8. Bd5 (8. Nxe5 $6 Qd4 9. Bxf7+ Kd8 10. Rf1 Qxe5 11. Bf4 Qe7 $15) (8. Bxf7+ $2 Kxf7 9. Nxe5+ Kg8 $19) 8... O-O 9. Bg5 (9. Nxe5 $2 Nxd5 10. Nxd5 f5 $19 {White's king is too weak and exposed in the center.}) 9... c6 10. Bb3 h6 {Black is very comfortable.}) 7... Nxb3 8. axb3 a6 9. Qe2 Bg4 10. Be3 Bxe3 11. Qxe3 {[#]} Qe7 (11... exf4 12. Qxf4 O-O 13. O-O Qe7 {was more precise.}) 12. O-O (12. fxe5 dxe5 13. Qg5 Bxf3 14. gxf3 g6 (14... O-O-O $6 15. Qxg7 Rdg8 16. Qh6 Rg6 17. Qh3+ Kb8 18. O-O-O $16 {White is up a pawn and Black does not have much to show for it.}) 15. Ra5 Nd7 16. Qxe7+ Kxe7 17. Nd5+ Kd6 18. Ne3 $14 {White has a lot of pressure and better piece coordination.}) 12... exf4 13. Qxf4 O-O 14. Rae1 Bxf3 15. Rxf3 Rae8 16. Ref1 c6 17. Rh3 {[#]} Nd7 ({The more active} 17... d5 {would equalize easily, but I did not realize that after} 18. Qh4 h6 {was solid enough to hold off White's attack without weakening my king too badly.} 19. Rg3 Kh8 20. exd5 Nxd5 $11) 18. Nd1 $1 g6 (18... Qe5 19. Qh4 h6 20. Ne3 Re6 $14) 19. Ne3 f6 20. Qg3 Qe5 {[#]} 21. Qh4 (21. Qg4 Nc5 22. Qh4 Re7 $16) 21... Re7 22. Rg3 {Threatening f5.} Rg7 23. c3 {[#] Preventing ...xb2 and introducing the possiblity of chasing the queen with d4.} Kh8 (23... h5 {was the best way to defend as it restricts White's rooks and prevents White from playing h6 followed by h4-h5.}) 24. Qh6 Qe7 25. h4 {[#]} Ne5 $4 (25... Nc5 $1 {My position is fine after this simple move I missed.} 26. h5 Rfg8 $8 27. Rxg6 Rxg6 28. hxg6 Rxg6 29. Nf5 Rxh6 30. Nxe7 Nxd3 31. Nf5 Rg6 32. Rd1 Nc5 33. Nxd6 Nxb3 $11) 26. d4 Nd7 {[#]} 27. Rf4 (27. h5 $142 $1 Rfg8 28. hxg6 Rxg6 29. Nf5 $1 Qe6 (29... Rxh6 30. Rxg8+ Kxg8 31. Nxe7+ Kf7 32. Nf5 $18 {White's knight is completely dominating the position.}) 30. Qxh7+ $3 Kxh7 31. Rh3+ Rh6 32. Rxh6#) 27... Rfg8 28. Rfg4 Nf8 29. h5 Qf7 30. b4 (30. hxg6 Rxg6 31. Rxg6 Rxg6 32. Rxg6 Nxg6 33. Nf5 Qd7 34. Qh2 $18 {Black doesn't get mated, but the d-pawn drops and White is winning.}) 30... Ne6 {[#] editor - White now trades so much that her kingside pressure disappears. Maybe she was worried that ...g5 would trap her ? Or maybe she didn't see that there was one last straw she could add to the camel's back...} 31. hxg6 $6 (31. Nc4 $18 {I cannot protect both g6 and d6.} d5 {saves the d-pawn, but} 32. Nd6 $1 {and White crashes through on g6.}) 31... Rxg6 32. Rxg6 (32. Qh5 $18 {maintains the pressure.}) 32... Rxg6 33. Rxg6 Qxg6 34. Qxg6 hxg6 35. Nc4 d5 36. exd5 cxd5 {[#]} 37. Nb6 (37. Nd6 $142 Kg7 (37... b5 $2 38. Ne8 f5 39. Kf2 $18 {Black has too many weaknesses and White's king is much more active.}) 38. Nxb7 $16) 37... Nc7 $11 38. b3 Kg7 39. Kf2 (39. c4 Kf7 40. Kf2 $11 (40. cxd5 $2 Ke7 $19)) 39... Kf7 40. Ke3 Ke6 41. Na4 Kd6 {[#]} 42. g3 (42. c4 {doesn't threaten anything,} f5 (42... b5 43. c5+ Ke6 44. Nb6 $11) 43. Kf4 (43. g3 Kc6 44. Nc3 g5 $11) 43... Ne6+ {White's king is not getting in.}) 42... Kc6 43. Nc5 b6 44. Nd3 a5 45. bxa5 bxa5 46. Nf4 g5 47. Nh5 Ne8 48. g4 Kd6 {[#]} 49. c4 $6 {Although the evaluation does not change after her move, it is in my opinion, quite a risky and counter-intuitive approach as it allows me to have a passed pawn. I suspect she did not realize that I would be able to trade my f-pawn against her g-pawn, allowing me to create another passed pawn. This is dangerous for her as my two passed pawns (a and g) are far from each other which makes it more difficult for her to stop as both the knight and the king do not have a far reach.} dxc4 50. bxc4 Ke6 51. Ng3 Nd6 {[#]} 52. Kd3 (52. c5 Nb5 53. Kd3 a4 54. Kc4 a3 55. Kb3 Nxd4+ 56. Kxa3 Kd5 $11) (52. d5+ $5 Ke5 53. Kd3 $8 (53. c5 $2 Nc4+ $8 $19) 53... a4 (53... Kf4 $4 54. c5 $3 $18) 54. c5 Kxd5 $11) 52... f5 $1 {Although the evaluation does not change, in my opinion, it was a very practical decision to make under time pressure as I finally create some winning chances of my own for the first time in this game.} 53. gxf5+ Nxf5 54. Ne4 g4 {[#]} 55. Nd2 $4 (55. Kc3 $8 $11 {saves the game: White can trade her  for the g-pawn and her  will win the a-pawn.}) 55... a4 $2 (55... g3 $142 $8 $19 {I opted for ...a4 first under time pressure as I wanted to prevent White from playing f3, but} 56. Nf3 {doesn't save the game:} g2 57. Kc3 Kd6 $19 {editor - deflection tactics on e4 leave the f3 insecure, but pushing either of her pawns leaves the other one weak. White would like to sit, but if White oscilates the , Black can go ...g6 and ...a4 to bring the  to b4.}) 56. Kc3 $2 (56. Nf1 $8 $11 {again, ready to trade  for g-pawn. Her  was already close enough to stop the a-pawn.}) 56... a3 $8 $19 57. Kb3 Nxd4+ 58. Kxa3 g3 $8 59. Ne4 g2 60. Ng5+ Kf5 61. Nh3 Kg4 62. Ng1 Kg3 63. c5 Kh2 {[#]} 64. c6 (64. Ne2 Nxe2 65. c6 Nd4 66. c7 Nb5+ $19) 64... Kxg1 65. c7 Nb5+ 0-1